[Event "Leisurely Chess"]
[Site "SchemingMind.com"]
[Date "2015.04.15"]
[Round "-"]
[White "Stephen Woodhouse"]
[Black "bull mccabe"]
[Result "0-1"]
[WhiteCountry "ENG"]
[BlackCountry "IRL"]
[WhiteElo "1872"]
[WhiteRD "48"]
[BlackElo "2072"]
[BlackRD "123"]
[GameID "378564"]

1. e4 c5 2. c3 Nc6 3. d4 cxd4 4. cxd4 d5 5. exd5 Qxd5 6. Nf3 e5 7. Nc3 Bb4 8. Be2 e4 9. O-O Bxc3 10. bxc3 exf3
11. Bxf3 Qd7 12. Re1+ Kd8 13. Ba3 f6 14. Qe2 Nge7 15. Rad1 Re8 16. Rd3 Nf5 17. Qxe8+ Qxe8 18. Rxe8+ Kxe8 19. g4 Nfe7 20. Re3 Kd7
21. Bg2 Ng6 22. Rh3 h6 23. Re3 a6 24. Be4 Nf4 25. Bf5+ Kd8 26. Be4 Bxg4 27. Bxc6 bxc6 28. Kf1 Rb8 29. Bb4 Be6 30. a3 Rb5
31. h4 Rh5 32. Rg3 Rxh4 33. Rxg7 Rh1+ 34. Rg1 Bc4+
0-1

[Event "Leisurely Chess"]
[Site "SchemingMind.com"]
[Date "2015.04.14"]
[Round "-"]
[White "tyler_ensor"]
[Black "Stephen Woodhouse"]
[Result "1-0"]
[WhiteCountry "CAN"]
[BlackCountry "ENG"]
[WhiteElo "1762"]
[WhiteRD "77"]
[BlackElo "1834"]
[BlackRD "49"]
[GameID "378565"]

1. d4 e6 2. c4 d5 3. Nc3 c5 4. cxd5 exd5 5. Nf3 Nc6 6. g3 Nf6 7. Bg2 Be7 8. O-O O-O 9. dxc5 Bxc5 10. Bg5 d4
11. Bxf6 Qxf6 12. Nd5 Qd8 13. Nd2 Re8 14. Rc1 Bg4 15. Rxc5 Bxe2 16. Qb3 Bxf1 17. Bxf1 Qd7 18. Nf4 b6 19. Rc1 Rac8 20. Bh3 Na5
21. Rxc8
1-0

[Event "Leisurely Chess"]
[Site "SchemingMind.com"]
[Date "2015.04.14"]
[Round "-"]
[White "Stephen Woodhouse"]
[Black "tyler_ensor"]
[Result "0-1"]
[WhiteCountry "ENG"]
[BlackCountry "CAN"]
[WhiteElo "1935"]
[WhiteRD "50"]
[BlackElo "1825"]
[BlackRD "76"]
[GameID "378566"]

1. e4 c5 2. c3 e6 3. d4 d5 4. exd5 exd5 5. Nf3 Nc6 6. Bb5 Bd6 7. Be3 cxd4 8. Nxd4 Ne7 9. O-O O-O 10. Nd2 Nxd4
11. Bxd4 Nc6 12. Be3 Bf5 13. Nf3 a6 14. Bd3 Bg4 15. Bxh7+ Kxh7 16. Ng5+ Qxg5 17. Bxg5 Bxd1 18. Raxd1 f6 19. Rxd5 fxg5 20. Rxd6 Rfe8
21. Rd7 Re7 22. Rfd1 Rae8 23. Kf1 Rxd7 24. Rxd7 Re7 25. Rxe7 Nxe7 26. Ke2 Kg6 27. Kd3 Kf5 28. Kd4 b6 29. c4 Nc6+ 30. Kc3 Ke4
31. h3 g6 32. a3 Nd4 33. b4 Ne2+ 34. Kb3 Kd3 35. c5 bxc5 36. bxc5 Nd4+ 37. Kb4 Ke2 38. f3 Nc6+ 39. Kc4 Kf2 40. Kd5 Na7
41. Ke5 Kxg2 42. Kf6 Kxh3 43. Kxg6 Kh4 44. Kh6= Nc6 45. Kg6 a5 46. a4 Nd4 47. Kf6 Nc6 48. Kf5 Nb8 49. Ke4 Kg3 50. Ke3 Nc6
51. Ke4 Ne7 52. Ke3 Nd5+ 53. Kd4 Ne7 54. Ke4 Kf2 55. Ke5 Kxf3 56. Kd6 Nf5+ 57. Ke5 Ne3 58. c6 Nc4+ 59. Kd5 Nb6+ 60. Kd6 g4
61. Kc7 Nxa4 62. Kb7 Nc5+ 63. Kb6 Ne6 64. Kxa5 g3
0-1

[Event "Leisurely Chess"]
[Site "SchemingMind.com"]
[Date "2015.04.19"]
[Round "-"]
[White "emvarela"]
[Black "Stephen Woodhouse"]
[Result "0-1"]
[WhiteCountry "ARG"]
[BlackCountry "ENG"]
[WhiteElo "1735"]
[WhiteRD "50"]
[BlackElo "1854"]
[BlackRD "48"]
[GameID "378567"]

1. e4 e6 2. d4 d5 3. Nc3 Nf6 4. e5 Nfd7 5. f4 c5 6. dxc5 Bxc5 7. Qg4 g6 8. Nf3 Nc6 9. Bb5 Qb6 10. Bxc6 bxc6
11. b3 Bf2+ 12. Ke2 Ba6+ 13. Kd1 Bd4 14. Nxd4 Qxd4+ 15. Bd2 Nc5 16. Qf3 Ne4 17. Kc1 Qxd2+ 18. Kb2 Qxc3+ 19. Qxc3 Nxc3 20. Kxc3 Ke7
21. Rhd1 h5 22. a4 Rhc8 23. b4 Bc4 24. g3 a5 25. bxa5 Rxa5 26. Rdb1 Rc7 27. h3 Rca7 28. g4 hxg4 29. hxg4 Bb5
0-1

[Event "Leisurely Chess"]
[Site "SchemingMind.com"]
[Date "2015.04.19"]
[Round "-"]
[White "Stephen Woodhouse"]
[Black "emvarela"]
[Result "1-0"]
[WhiteCountry "ENG"]
[BlackCountry "ARG"]
[WhiteElo "1879"]
[WhiteRD "50"]
[BlackElo "1673"]
[BlackRD "49"]
[GameID "378568"]

1. e4 e5 2. Nf3 Nc6 3. d4 exd4 4. Nxd4 Nxd4 5. Qxd4 d6 6. Nc3 Nf6 7. Bg5 Be7 8. O-O-O O-O 9. Bc4 h6 10. Bh4 Nd7
11. Bxe7 Qxe7 12. Nd5 Qd8 13. Rd3 Nb6 14. Rg3 g5 15. Nf6+
1-0

[Event "Leisurely Chess"]
[Site "SchemingMind.com"]
[Date "2015.04.14"]
[Round "-"]
[White "Phillip Beckett"]
[Black "Stephen Woodhouse"]
[Result "0-1"]
[WhiteCountry "ENG"]
[BlackCountry "ENG"]
[WhiteElo "1569"]
[WhiteRD "46"]
[BlackElo "1873"]
[BlackRD "50"]
[GameID "378569"]

1. e4 e6 2. d4 d5 3. Nd2 c5 4. exd5 Qxd5 5. Ngf3 cxd4 6. Bc4 Qd6 7. O-O Nf6 8. Nb3 Nc6 9. Nbxd4 Nxd4 10. Qxd4 Qxd4
11. Nxd4 Bd7 12. Bg5 Be7 13. Rad1 Rc8 14. Bb3 h6 15. Be3 O-O 16. c3 Rfd8 17. Rfe1 Kf8 18. Nf3 Bc5 19. Bxc5+ Rxc5 20. Ba4 Ke7
21. Bxd7 Rxd7 22. Rxd7+ Nxd7 23. Nd4 Rd5 24. Nf3 Nc5 25. Nd4 Na4 26. Re2 Kf6 27. g3 e5 28. Nf3 Ke6 29. Nd4+ Kf6 30. Nf3 Rb5
31. c4 Rxb2 32. Rxe5 Rxa2 33. Ra5 Nc3 34. Rc5 Ne4 35. Rc7 Rb2 36. c5 a5 37. c6 bxc6 38. Rxc6+ Ke7 39. Rc7+ Ke8 40. Ne5 a4
41. Rxf7 a3 42. Ra7 a2 43. Nc4 Rb1+ 44. Kg2 a1=Q
0-1

[Event "Leisurely Chess"]
[Site "SchemingMind.com"]
[Date "2015.04.14"]
[Round "-"]
[White "Stephen Woodhouse"]
[Black "Phillip Beckett"]
[Result "0-1"]
[WhiteCountry "ENG"]
[BlackCountry "ENG"]
[WhiteElo "1873"]
[WhiteRD "50"]
[BlackElo "1569"]
[BlackRD "46"]
[GameID "378570"]

1. e4 e5 2. Nf3 Nc6 3. d4 exd4 4. Nxd4 Bc5 5. Be3 Qf6 6. c3 Nge7 7. Bc4 Nxd4 8. cxd4 Bb4+ 9. Nc3 O-O 10. O-O d6
11. Qd2 Qg6 12. f3 c6 13. a3 Bxc3 14. bxc3 d5 15. Bd3 dxe4 16. Bxe4 Bf5 17. Qc2 Bxe4 18. Qxe4 Qxe4 19. fxe4 Ng6 20. Rfb1 b6
21. a4 Rfe8 22. e5 f6 23. a5 fxe5 24. axb6 exd4 25. b7 dxe3 26. bxa8=Q Rxa8 27. g3 Ne5 28. Re1 Nf3+ 29. Kf1 Nxe1 30. Kxe1 Re8
31. Rxa7 e2 32. Rd7 Re3 33. Rd6 Rxc3 34. Kxe2 h6 35. Kd2 Rc5 36. h4 Rd5+ 37. Rxd5 cxd5 38. Kd3 Kf7 39. Kd4 Ke6 40. g4 g5
41. hxg5 hxg5
0-1

[Event "Leisurely Chess"]
[Site "SchemingMind.com"]
[Date "2015.04.14"]
[Round "-"]
[White "Scooter"]
[Black "Stephen Woodhouse"]
[Result "0-1"]
[WhiteCountry "USA"]
[BlackCountry "ENG"]
[WhiteElo "1713"]
[WhiteRD "44"]
[BlackElo "1873"]
[BlackRD "50"]
[GameID "378571"]

1. d4 e6 2. Nf3 d5 3. Bf4 Bd6 4. Bxd6 Qxd6 5. c3 Nf6 6. e3 O-O 7. Be2 c5 8. Nbd2 Nc6 9. O-O Bd7 10. Bb5 Rac8
11. h3 cxd4 12. exd4 Na5 13. Bxd7 Nxd7 14. Re1 Nc4 15. Nxc4 Rxc4 16. Ne5 Nxe5 17. Rxe5 Rfc8 18. Qe2 b5 19. Re1 b4 20. cxb4 Qxb4
21. Rd1 Rxd4 22. Rxd4 Qxd4 23. b3 h6 24. Re3 Qf4 25. g3 Qb4 26. Kg2 Qb7 27. Qf3 Qc6 28. Re2 d4 29. Qxc6 Rxc6 30. Kf3 f6
31. Ke4 e5 32. f4 Rc3 33. fxe5 fxe5 34. Kxe5 Re3+
0-1

[Event "Leisurely Chess"]
[Site "SchemingMind.com"]
[Date "2015.04.14"]
[Round "-"]
[White "Stephen Woodhouse"]
[Black "Scooter"]
[Result "1-0"]
[WhiteCountry "ENG"]
[BlackCountry "USA"]
[WhiteElo "1873"]
[WhiteRD "50"]
[BlackElo "1713"]
[BlackRD "44"]
[GameID "378572"]

1. e4 c6 2. d4 d5 3. exd5 cxd5 4. c4 Nf6 5. Nc3 Nc6 6. Nf3 Bg4 7. cxd5 Nxd5 8. Qb3 Bxf3 9. gxf3 e6 10. Qxb7 Qc8
11. Ba6
1-0

[Event "Leisurely Chess"]
[Site "SchemingMind.com"]
[Date "2015.04.15"]
[Round "-"]
[White "Stephen Woodhouse"]
[Black "ideasChess"]
[Result "0-1"]
[WhiteCountry "ENG"]
[BlackCountry "POL"]
[WhiteElo "1872"]
[WhiteRD "48"]
[BlackElo "2242"]
[BlackRD "102"]
[GameID "378573"]

1. e4 e5 2. Nf3 Nc6 3. d4 exd4 4. Nxd4 Nf6 5. Nc3 Bb4 6. Nxc6 bxc6 7. Bd3 d5 8. exd5 cxd5 9. O-O O-O 10. Bg5 c6
11. Qf3 Be7 12. h3 h6 13. Bh4 Rb8 14. b3 Rb4 15. Bg3 Nh7 16. a3 Ng5 17. Qe3 Rb7 18. Rae1 d4
0-1

[Event "Leisurely Chess"]
[Site "SchemingMind.com"]
[Date "2015.04.15"]
[Round "-"]
[White "ideasChess"]
[Black "Stephen Woodhouse"]
[Result "1-0"]
[WhiteCountry "POL"]
[BlackCountry "ENG"]
[WhiteElo "2242"]
[WhiteRD "102"]
[BlackElo "1872"]
[BlackRD "48"]
[GameID "378574"]

1. e4 e6 2. d4 d5 3. Nd2 c5 4. exd5 Qxd5 5. Ngf3 cxd4 6. Bc4 Qd6 7. O-O Nf6 8. Nb3 Nc6 9. Nbxd4 Nxd4 10. Nxd4 a6
11. Re1 Qc7 12. Qe2 Bc5 13. c3 b5 14. Bd3 O-O 15. a4 b4 16. Bg5 bxc3 17. Bxf6 gxf6 18. Bxh7+ Kxh7 19. Qh5+ Kg7 20. Qg4+ Kh7
21. Re3
1-0

[Event "Leisurely Chess"]
[Site "SchemingMind.com"]
[Date "2015.04.17"]
[Round "-"]
[White "Kid A"]
[Black "Marc Wakeham"]
[Result "1-0"]
[WhiteCountry "FIN"]
[BlackCountry "WLS"]
[WhiteElo "1941"]
[WhiteRD "76"]
[BlackElo "1489"]
[BlackRD "77"]
[GameID "378703"]

1. e4 d6 2. d4 Nf6 3. Nc3 g6 4. Nf3 Bg7 5. Be2 O-O 6. O-O c5 7. d5 Bg4 8. h3 Bd7 9. Be3 a6 10. a4 Ne8
11. Qd2 f5 12. e5 dxe5 13. Bxc5 Nd6 14. a5 Nf7 15. Bc4 e4 16. Nd4 Ne5 17. Bb3 Nbc6 18. dxc6+
1-0

[Event "Leisurely Chess"]
[Site "SchemingMind.com"]
[Date "2015.04.17"]
[Round "-"]
[White "Marc Wakeham"]
[Black "Kid A"]
[Result "0-1"]
[WhiteCountry "WLS"]
[BlackCountry "FIN"]
[WhiteElo "1500"]
[WhiteRD "80"]
[BlackElo "1875"]
[BlackRD "76"]
[GameID "378704"]

1. e4 c5 2. c3 Nf6 3. e5 Nd5 4. d4 Nc6 5. Nf3 cxd4 6. Bc4 Nb6 7. Bb3 d5 8. exd6 Qxd6 9. O-O Be6 10. Bxe6 Qxe6
11. Re1 Qg4 12. Nxd4 Qxd1 13. Rxd1 Rd8 14. Rd2 Nxd4 15. cxd4 e6 16. Rd1 Bc5 17. Be3 Nc4 18. Rd3 Nxb2 19. Rb3 Nc4 20. Na3 Bxa3
21. Rd1 b6 22. Rdd3 Nxe3 23. Rxe3 Rc8 24. g3 Bd6
0-1

[Event "Leisurely Chess"]
[Site "SchemingMind.com"]
[Date "2015.04.16"]
[Round "-"]
[White "Marc Wakeham"]
[Black "Michael Christensen"]
[Result "0-1"]
[WhiteCountry "WLS"]
[BlackCountry "GER"]
[WhiteElo "1508"]
[WhiteRD "87"]
[BlackElo "1695"]
[BlackRD "73"]
[GameID "378705"]

1. e4 e5 2. Nf3 Nc6 3. d4 exd4 4. c3 dxc3 5. Nxc3 Bc5 6. Bc4 d6 7. O-O Nf6 8. a3 O-O 9. Bg5 h6 10. Bh4 Re8
11. b4 Bb6 12. Nd5 Rxe4 13. Nxf6+ gxf6 14. Bxf7+ Kxf7 15. Qd5+ Re6 16. Qh5+ Ke7 17. Qxh6 Qf8 18. Qh7+ Qf7 19. Qd3 Bd7 20. Rae1 Re8
21. Re2 Rxe2 22. Qxe2+ Kd8 23. Qd2 Kc8 24. b5 Ne5 25. Nxe5 fxe5 26. Bg3 Bxb5 27. Rb1 Bc6 28. Qc3 Rf8 29. Qb2 Bd4 30. Qe2 Qd5
31. Qf1 e4 32. Rd1 e3
0-1

[Event "Leisurely Chess"]
[Site "SchemingMind.com"]
[Date "2015.04.16"]
[Round "-"]
[White "Michael Christensen"]
[Black "Marc Wakeham"]
[Result "1-0"]
[WhiteCountry "GER"]
[BlackCountry "WLS"]
[WhiteElo "1683"]
[WhiteRD "69"]
[BlackElo "1509"]
[BlackRD "80"]
[GameID "378706"]

1. e4 d6 2. f4 e5 3. Nf3 Nc6 4. Bb5 Bd7 5. d3 exf4 6. Bxf4 Qe7 7. O-O O-O-O 8. Bg5 f6 9. Be3 Kb8 10. Nc3 Ne5
11. Nxe5 fxe5 12. Bc4 Be6 13. Nd5 Bxd5 14. Bxd5 Nf6 15. Bc4 g6 16. Bg5 h6 17. Bxf6
1-0

[Event "Leisurely Chess"]
[Site "SchemingMind.com"]
[Date "2015.04.17"]
[Round "-"]
[White "Marc Wakeham"]
[Black "bull mccabe"]
[Result "0-1"]
[WhiteCountry "WLS"]
[BlackCountry "IRL"]
[WhiteElo "1509"]
[WhiteRD "80"]
[BlackElo "2072"]
[BlackRD "123"]
[GameID "378707"]

1. e4 c5 2. c3 Nf6 3. e5 Nd5 4. d4 cxd4 5. Nf3 Nc6 6. Bc4 Nb6 7. Bb3 d5 8. exd6 Qxd6 9. O-O Be6 10. Bxe6 Qxe6
11. Re1 Qd7 12. Bf4 d3 13. Re3 O-O-O 14. Nbd2 Nd5 15. Re4 Nxf4 16. Rxf4 e5 17. Re4 Bd6 18. Nc4 f5 19. Re1 e4 20. Nxd6+ Qxd6
21. Ng5 Qg6 22. Nh3 d2 23. Re2 Ne5 24. Nf4 Qh6 25. Nh3 Nc4 26. Rb1 e3 27. f3 Rhe8 28. b3 Na3 29. Rb2 Qc6 30. c4 Qd7
31. Nf4 Qd4
0-1

[Event "Leisurely Chess"]
[Site "SchemingMind.com"]
[Date "2015.04.18"]
[Round "-"]
[White "bull mccabe"]
[Black "Marc Wakeham"]
[Result "1-0"]
[WhiteCountry "IRL"]
[BlackCountry "WLS"]
[WhiteElo "2072"]
[WhiteRD "123"]
[BlackElo "1509"]
[BlackRD "80"]
[GameID "378708"]

1. e4 d6 2. d4 Nf6 3. Nc3 g6 4. Nf3 Bg7 5. Be2 O-O 6. O-O Bg4 7. Be3 Nc6 8. Qd2 a6 9. Rad1 b5 10. h3 Bxf3
11. Bxf3 e5 12. d5 Ne7 13. Bg5 Nd7 14. Rfe1 Re8 15. Be3 Qc8 16. a3 c5 17. dxc6 Qxc6 18. Qxd6 Qxd6 19. Rxd6 Nf6 20. Red1 Kf8
21. Kh1 Rec8 22. Bg5 Neg8 23. Bh4 h6 24. Bg3 Ne8 25. Rd7 Ngf6 26. R7d3 Ng8 27. Bg4 Rcb8 28. Nd5 Rb7 29. Ne3 Ne7 30. c3 Nf6
31. Rd8+ Rxd8 32. Rxd8+ Ne8 33. Bd7
1-0

[Event "Leisurely Chess"]
[Site "SchemingMind.com"]
[Date "2015.04.16"]
[Round "-"]
[White "Marc Wakeham"]
[Black "tyler_ensor"]
[Result "0-1"]
[WhiteCountry "WLS"]
[BlackCountry "CAN"]
[WhiteElo "1509"]
[WhiteRD "80"]
[BlackElo "1761"]
[BlackRD "81"]
[GameID "378709"]

1. e4 c5 2. c3 d5 3. exd5 Qxd5 4. Nf3 Nf6 5. Bb5+ Nc6 6. O-O Bg4 7. Be2 e6 8. h3 Bh5 9. Re1 Be7 10. d4 cxd4
11. cxd4 O-O 12. Nc3 Qa5 13. Nd2 Bxe2 14. Rxe2 Nxd4 15. Re1 Rfd8 16. Nc4 Qc7 17. Ne5 Bb4 18. Bd2 Nc6 19. Qc1 Nxe5 20. Re3 Nc4
21. Re2 Nxd2 22. Rxd2 Bxc3 23. bxc3 Rac8 24. Rxd8+ Rxd8 25. Qb2 b6 26. a4 Nd5 27. Rd1 Rc8
0-1

[Event "Leisurely Chess"]
[Site "SchemingMind.com"]
[Date "2015.04.17"]
[Round "-"]
[White "tyler_ensor"]
[Black "Marc Wakeham"]
[Result "1-0"]
[WhiteCountry "CAN"]
[BlackCountry "WLS"]
[WhiteElo "1825"]
[WhiteRD "76"]
[BlackElo "1532"]
[BlackRD "91"]
[GameID "378710"]

1. d4 Nf6 2. c4 g6 3. Nc3 d5 4. Bf4 dxc4 5. e3 Bg7 6. Bxc4 O-O 7. Nf3 a6 8. a4 Bg4 9. O-O Nbd7 10. h3 Bxf3
11. Qxf3 c6 12. Rfc1 Nb6 13. Bb3 Nbd5 14. Nxd5 Nxd5 15. Bxd5 Qxd5 16. Qxd5 cxd5 17. Rc7 h6 18. Rxb7 e6 19. Rc1 Rfc8 20. Rbc7 Re8
21. Kf1 Bf8 22. Ke2 Bb4 23. R1c6 a5 24. Bxh6 Rab8 25. Kd3 Be1 26. Rc2 Bb4 27. Bf4 Ra8 28. Rd7 Rec8 29. Rxc8+ Rxc8 30. Rc7 Rxc7
31. Bxc7 Kg7 32. Bb6 f6 33. Bc5 Bxc5 34. dxc5 Kf7 35. Kd4 Ke7 36. h4 Kd7 37. g4 Kc6 38. f4 e5+ 39. fxe5 fxe5+ 40. Kxe5 Kxc5
41. h5 gxh5 42. gxh5
1-0

[Event "Leisurely Chess"]
[Site "SchemingMind.com"]
[Date "2015.04.20"]
[Round "-"]
[White "Marc Wakeham"]
[Black "emvarela"]
[Result "0-1"]
[WhiteCountry "WLS"]
[BlackCountry "ARG"]
[WhiteElo "1564"]
[WhiteRD "83"]
[BlackElo "1690"]
[BlackRD "47"]
[GameID "378711"]

1. e4 e5 2. Nf3 Nc6 3. d4 exd4 4. c3 dxc3 5. Nxc3 Bc5 6. Bc4 d6 7. O-O Bg4 8. Bxf7+ Kf8 9. Bd5 Nf6 10. h3 Bh5
11. Qd3 Bxf3 12. Qxf3 Nd4 13. Qd1 c6 14. Bc4 b5 15. Bb3 Nxb3 16. Qxb3 Qe7 17. Bg5 h6 18. Bh4 g5 19. Bg3 Qf7 20. Qxf7+ Kxf7
21. e5 dxe5 22. Bxe5 Rhe8 23. Bxf6 Kxf6 24. Rac1 Bd4 25. Rfd1 Rad8 26. Kf1 Bxc3 27. Rxd8 Rxd8 28. Rxc3 Rd6 29. Ke2 a5 30. Rc5 a4
31. g3 h5 32. f3 h4 33. g4 Re6+ 34. Kd3 Rd6+ 35. Kc3 Re6 36. b4 Re3+ 37. Kd4 Rxf3 38. Rxc6+ Ke7 39. Rc5 Rxh3 40. Rxb5 Rf3
41. Rxg5 h3 42. Ke4 Ra3 43. Rh5 Rxa2 44. Rxh3 a3 45. Rg3 Ra1 46. Kd5 Rd1+ 47. Kc5 a2 48. Re3+ Kd7
0-1

[Event "Leisurely Chess"]
[Site "SchemingMind.com"]
[Date "2015.04.20"]
[Round "-"]
[White "emvarela"]
[Black "Marc Wakeham"]
[Result "1-0"]
[WhiteCountry "ARG"]
[BlackCountry "WLS"]
[WhiteElo "1700"]
[WhiteRD "49"]
[BlackElo "1532"]
[BlackRD "91"]
[GameID "378712"]

1. e4 d6 2. d4 Nf6 3. Nc3 g6 4. Nf3 Bg7 5. Be2 O-O 6. O-O c5 7. dxc5 dxc5 8. Be3 Qc7 9. Nd5 Nxd5 10. exd5 Bxb2
11. Rb1 Bg7 12. c4 Nd7 13. Qd2 b6 14. Bh6 Nf6 15. Bxg7 Kxg7 16. Qc3 Kg8 17. Ne5 Ne4 18. Qb2 Qd6 19. f3 Nf6 20. Ng4 Nxg4
21. fxg4 Bd7 22. Bf3 Rab8 23. Qf2 Qf4 24. Be2 Qxf2+ 25. Rxf2 f6 26. Rbf1 Rbd8 27. h3 Kg7 28. Bd3 e5 29. Kh2 Rf7 30. g5 Rdf8
31. g4 f5 32. gxf5 Bxf5 33. Bxf5 Rxf5 34. Rxf5 Rxf5 35. Rxf5 gxf5 36. Kg3 a6 37. a4 Kf7 38. h4 Ke7 39. h5 a5 40. g6 hxg6
41. h6
1-0

[Event "Leisurely Chess"]
[Site "SchemingMind.com"]
[Date "2015.04.16"]
[Round "-"]
[White "Marc Wakeham"]
[Black "Phillip Beckett"]
[Result "0-1"]
[WhiteCountry "WLS"]
[BlackCountry "ENG"]
[WhiteElo "1493"]
[WhiteRD "74"]
[BlackElo "1569"]
[BlackRD "46"]
[GameID "378713"]

1. e4 e5 2. Nf3 Nc6 3. d4 exd4 4. c3 dxc3 5. Nxc3 d6 6. Bc4 Be7 7. O-O Nf6 8. Ng5 O-O 9. Be3 h6 10. Nf3 Ne5
11. Nxe5 dxe5 12. Qc1 Bg4 13. f3 Bd7 14. Rd1 b6 15. Ba6 Qe8 16. Nd5 Nxd5 17. Rxd5 Bd6 18. Qc3 Be6 19. Rdd1 Qe7 20. b3 Bb4
21. Qc6 Bd6 22. Rd2 Bd7 23. Qc2 Rfd8 24. Rad1 Be6 25. Bc4 Bxc4 26. Qxc4 c5 27. Rd5 Bc7 28. Kf2 Rxd5 29. Rxd5 Rd8 30. h3 Rxd5
31. Qxd5 Qd6 32. Qa8+ Bb8 33. Qd5 Qc7 34. Ke2 Qd6 35. g3 Qxd5 36. exd5 Kf8 37. Kd3 Ke7 38. f4 exf4 39. gxf4 Kd6 40. Kc4 a6
41. a4 Ba7 42. h4 b5+ 43. axb5 axb5+ 44. Kxb5 Kxd5 45. Bd2 Bb8 46. b4 cxb4
0-1

[Event "Leisurely Chess"]
[Site "SchemingMind.com"]
[Date "2015.04.16"]
[Round "-"]
[White "Phillip Beckett"]
[Black "Marc Wakeham"]
[Result "1/2-1/2"]
[WhiteCountry "ENG"]
[BlackCountry "WLS"]
[WhiteElo "1569"]
[WhiteRD "46"]
[BlackElo "1493"]
[BlackRD "74"]
[GameID "378714"]

1. e4 d6 2. d4 Nf6 3. Nc3 g6 4. Nf3 Bg7 5. Be2 O-O 6. O-O Bg4 7. h3 Bd7 8. Bg5 c5 9. Qd2 cxd4 10. Nxd4 Nc6
11. Nxc6 Bxc6 12. Rad1 Nxe4 13. Nxe4 Bxe4 14. c3 Qc7 15. Bd3 Bc6 16. Bh6 b6 17. Bxg7 Kxg7 18. Rfe1 Qb7 19. f3 Rad8 20. Be4 Bxe4
21. Rxe4 Rfe8 22. Qd4+ Kg8 23. Qd5 Qxd5 24. Rxd5 e6 25. Rd1 d5 26. Red4 Rd6 27. c4 Red8 28. cxd5 Rxd5 29. Rxd5 Rxd5 30. Rc1 Kg7
31. Rc2 Rc5 32. Rd2 h6 33. Kf2 a5 34. Ke3 Kf6 35. Ke2 Ke7 36. Ke1 h5 37. Ke2 g5 38. g4 h4 39. Ke1 f6 40. Rf2 e5
41. Rd2 Rc6 42. Kf2 Rd6 43. Rc2 Kd7 44. Ke3 Ke6 45. Rc8 Kd5 46. Rc2 Ke6=
1/2-1/2

[Event "Leisurely Chess"]
[Site "SchemingMind.com"]
[Date "2015.04.17"]
[Round "-"]
[White "Marc Wakeham"]
[Black "Scooter"]
[Result "0-1"]
[WhiteCountry "WLS"]
[BlackCountry "USA"]
[WhiteElo "1489"]
[WhiteRD "77"]
[BlackElo "1716"]
[BlackRD "45"]
[GameID "378715"]

1. e4 c6 2. d4 d5 3. Nc3 dxe4 4. f3 exf3 5. Nxf3 Bg4 6. h3 Bxf3 7. Qxf3 Nf6 8. Bg5 Nbd7 9. O-O-O e6 10. Bc4 Be7
11. Rhf1 O-O 12. g4 Nd5 13. Bxe7 Qxe7 14. Nxd5 cxd5 15. Bd3 a6 16. Rd2 b5 17. Rdf2 Nb6 18. c3 Ra7 19. Bc2 Rc7 20. Qd3 g6
21. Rf6 Nc4 22. h4 a5 23. h5 b4 24. hxg6 hxg6 25. g5 Kg7 26. Rh1 Rh8 27. Rh3 Rxh3 28. Qxh3 Kg8 29. Qh6 Qf8 30. Qh1 Qg7
31. Bd3 Qh7 32. Qh6 Qxh6 33. gxh6 Kh7 34. Kc2 Ne3+ 35. Kd2 Ng4
0-1

[Event "Leisurely Chess"]
[Site "SchemingMind.com"]
[Date "2015.04.16"]
[Round "-"]
[White "Scooter"]
[Black "Marc Wakeham"]
[Result "1-0"]
[WhiteCountry "USA"]
[BlackCountry "WLS"]
[WhiteElo "1713"]
[WhiteRD "44"]
[BlackElo "1493"]
[BlackRD "74"]
[GameID "378716"]

1. d4 Nf6 2. Nf3 g6 3. Bf4 Bg7 4. e3 O-O 5. Be2 d6 6. O-O c5 7. c3 cxd4 8. cxd4 Bg4 9. h3 Bd7 10. Nbd2 Bc6
11. Rc1 Nbd7 12. b4 a6 13. a4 Nb6 14. b5 axb5 15. Bxb5 Bxf3 16. Qxf3 Nxa4 17. Bxa4 Rxa4 18. Qxb7 Qa8 19. Qxe7 Nd5 20. Qxd6 Nxf4
21. Qxf4 Ra2 22. Nb3 Qa3 23. Nc5 Rc8 24. Qg4 Re8 25. Qd7 Ra8 26. Nb7 Bf6 27. Nd6 Ra7 28. Qc8+ Kg7 29. Ne8+
1-0

[Event "Leisurely Chess"]
[Site "SchemingMind.com"]
[Date "2015.04.16"]
[Round "-"]
[White "Marc Wakeham"]
[Black "Stephen Woodhouse"]
[Result "0-1"]
[WhiteCountry "WLS"]
[BlackCountry "ENG"]
[WhiteElo "1493"]
[WhiteRD "74"]
[BlackElo "1873"]
[BlackRD "50"]
[GameID "378717"]

1. e4 e6 2. d4 d5 3. Nc3 Nf6 4. e5 Nfd7 5. a3 c5 6. Be3 cxd4 7. Bxd4 Nc6 8. Nf3 Nxd4 9. Qxd4 Bc5 10. Qg4 g6
11. Bb5 a6 12. Ba4 b5 13. Bb3 Qc7 14. Qh4 Nxe5 15. Qg3 Nxf3+ 16. Qxf3 Qe5+ 17. Qe2 Qxe2+ 18. Nxe2 Bb7 19. O-O O-O-O 20. c3 d4
21. cxd4 Bxd4 22. Nxd4 Rxd4 23. Rac1+ Kb8 24. Rfd1 Rhd8 25. Rxd4 Rxd4 26. f3 Rd2 27. Rc2 Rxc2 28. Bxc2 Kc7 29. Kf2 Kd6 30. Ke3 h6
31. Kd4 e5+ 32. Ke3 f5 33. b4 f4+ 34. Kd2 g5 35. Bf5 Bd5 36. Kc3 Bc4 37. Be4 Bf1 38. g3 fxg3 39. hxg3 h5 40. Kd2 h4
41. gxh4 gxh4 42. Ke1 Bc4 43. Kf2 Bd5 44. Bf5 Be6 45. Be4 Bc8 46. Kg2 Ke7 47. Bd5 Kf6 48. Kh2 Kg5 49. Bc6 Kf4 50. Kg2 Ke3
51. a4 bxa4 52. Bxa4 Bb7 53. b5 axb5 54. Bxb5 Bxf3+ 55. Kh3 Be2 56. Bd7 Kd4 57. Kxh4 e4 58. Kg3 e3 59. Kg2 Kd3 60. Bb5+ Kd2
61. Bd7 Bf3+ 62. Kxf3 e2
0-1

[Event "Leisurely Chess"]
[Site "SchemingMind.com"]
[Date "2015.04.16"]
[Round "-"]
[White "Stephen Woodhouse"]
[Black "Marc Wakeham"]
[Result "1-0"]
[WhiteCountry "ENG"]
[BlackCountry "WLS"]
[WhiteElo "1873"]
[WhiteRD "50"]
[BlackElo "1493"]
[BlackRD "74"]
[GameID "378718"]

1. e4 d6 2. d4 Nf6 3. Nc3 g6 4. f4 Bg7 5. Nf3 O-O 6. Bd3 c5 7. dxc5 dxc5 8. e5 Nd5 9. Nxd5 e6 10. Nc3 Nc6
11. O-O a6 12. Be3 b6 13. Be4 Bb7 14. Qxd8 Rfxd8 15. Rad1 Kf8 16. Na4 Na5 17. Bxb7 Nxb7 18. Nxb6 Rab8 19. Nd7+
1-0

[Event "Leisurely Chess"]
[Site "SchemingMind.com"]
[Date "2015.04.21"]
[Round "-"]
[White "Marc Wakeham"]
[Black "ideasChess"]
[Result "0-1"]
[WhiteCountry "WLS"]
[BlackCountry "POL"]
[WhiteElo "1518"]
[WhiteRD "83"]
[BlackElo "2248"]
[BlackRD "105"]
[GameID "378719"]

1. e4 e5 2. Nf3 Nc6 3. d4 exd4 4. c3 dxc3 5. Nxc3 Bb4 6. Qb3 Nf6 7. Bc4 O-O 8. Bd2 Bxc3 9. Bxc3 Nxe4 10. O-O Nxc3
11. Qxc3 d5 12. Bb3 d4 13. Qd2 Bg4 14. Ne1 Qd6 15. Nd3 Rae8 16. Rfe1 b6 17. a3 Bf5 18. Rxe8 Rxe8 19. Ne1 d3 20. Bc4 Na5
21. Bb5 Nb3
0-1

[Event "Leisurely Chess"]
[Site "SchemingMind.com"]
[Date "2015.04.21"]
[Round "-"]
[White "ideasChess"]
[Black "Marc Wakeham"]
[Result "1-0"]
[WhiteCountry "POL"]
[BlackCountry "WLS"]
[WhiteElo "2262"]
[WhiteRD "106"]
[BlackElo "1500"]
[BlackRD "80"]
[GameID "378720"]

1. c4 e5 2. Nc3 Bc5 3. Nf3 d6 4. d4 exd4 5. Nxd4 Bd7 6. e4 Qf6 7. Be3 Nh6 8. Nd5 Qd8 9. b4 Bxd4 10. Qxd4 f6
11. Bxh6
1-0